| 000 | 00386nam a2200145Ia 4500 | ||
|---|---|---|---|
| 008 | 230312s9999||||xx |||||||||||||| ||und|| | ||
| 020 | _a0-335-21880-6 | ||
| 082 |
_a791.4377 _bEVA-U |
||
| 100 | _aEvans;Jessica | ||
| 245 | 0 | _aUnderstanding Media: Inside Celebrity | |
| 260 |
_bOpen University Press _aUK _c2005 |
||
| 300 | _a191 | ||
| 650 |
_aMass com _vMass Communication |
||
| 942 | _cBK | ||
| 999 |
_c11508 _d11508 |
||